00000000nam 2200000za 4500
0019.674498
003CaOODSP
00520250124105009
007cr |||||||||||
008150407|2004||||xxc|||||o    f|0| 0 fre d
040 |aCaOODSP|bfre
041 |aeng
041 |afre
043 |an-cn---
0861 |aT52-4/4-2004-PDF
1101 |aCanada.|bTransports Canada. |bAviation civile.
24510|aAviation - santé et sécurité au travail à bord des aéronefs |h[ressource électronique]
250 |a[2004 édition].
260 |aOttawa - Ontario : |bTransports Canada. |c2004.
300 |a2p.|bphotographies
500 |aLe texte français suit le texte anglais. L'ISBN imprimé dans cette publication est incorrect.
590 |a06-23|b2006-06-09
69107|aIndustrie de l'aéronautique|2gcpds
7760#|tAviation occupational health and safety on board air craft |w(CaOODSP)9.665291
791 |tAviation Occupational Health and Safety on board aircraft |eeng|w(CaOODSP)9.674497
794 |tSanté et sécurité au travail à bord des aéronefs.|b[2024 édition]|w(CaOODSP)9.931975
85640|qPDF|s704 Ko|uhttps://publications.gc.ca/collections/Collection/T52-4-4-2004.pdf